000 00449nam a2200157 i 4500
001 44733
003 ES-MaACL
005 20230906161102.0
007 t|
008 030324s1975 xxu ||||1| eng d
100 1 _aCinlar, Erhan.
_938851
245 1 0 _aIntroduction to stochastic processes /
_cErhan Cinlar.
260 _aEnglewood Cliffs :
_bPrentice-Hall,
_c[1975]
300 _aX, 402 p. :
_bil. ;
_c24 cm.
852 _aES-MaACL
_jA-6480
_bR.95393
999 _c44733
_d44733